| 000 | 01526nam a2200253Ia 4500 | ||
|---|---|---|---|
| 999 |
_c50270 _d50270 |
||
| 001 | 17209 | ||
| 003 | GE_BSU | ||
| 005 | 20200204131547.0 | ||
| 008 | 181216s2015ge xx |||||||||||||| ||geo|| | ||
| 020 | _a9789941134470 | ||
| 040 | _cGE_BSU | ||
| 041 | _ageo | ||
| 080 | _a910.4(479.22) ხ-25 | ||
| 100 |
_aხარაძე, კობა. _96756 |
||
| 245 |
_aდიდი მამულიშვილის ღირსეული ღვაწლი : აკადემიკოსი ალექსანდრე ჯავახიშვილი : _bTHE GREAT MERIT OF THE DISTINGUISHED PATRIOT:ACADEMICIAN ALEKSANDRE JAVAKISHVILII / _cკობა ხარაძე ; რედ : დალი ნიკოლაიშვილი ; დავით სართანია. |
||
| 264 |
_aთბილისი : _bივანე ჯავახიშვილის სახ.თბილ.უნიტ-ის გამ-ბა, _c2015. |
||
| 300 |
_a395 გვ .: _c24 სმ. |
||
| 600 |
_aწიგი ეძღვნება აკადემიკოს ალექსანდრე ჯავახიშვილის დაბადების 140წლის იუბილეს. _96757 |
||
| 653 | _aგეოგრაფია | ||
| 653 | _aგეოგრაფიის ისტორია | ||
| 700 |
_aნიკოლაიშვილი, დალი _eრედაქტორი _94827 |
||
| 700 |
_a სართანია, დავით _96758 |
||
| 942 |
_cBK _2udc |
||